Systems analysis and design (Record no. 42904)

MARC details
000 -LEADER
fixed length control field 00426nam a2200181Ia 4500
020 ## - INTERNATIONAL STANDARD BOOK NUMBER
ISBN 0-13-022515-0
050 ## - CALL MARK
Classification number QA 76.9.S88 .M362/
100 ## - STATEMENT OF RESPONSIBILITY--MAIN AUTHOR NAME
Personal name George M. Marakas
245 #0 - TITLE STATEMENT
Title Systems analysis and design
260 ## - PUBLICATION, DISTRIBUTION, ETC. (IMPRINT)
Place of publication New Jersey
260 ## - PUBLICATION, DISTRIBUTION, ETC. (IMPRINT)
Name of publisher Prentice Hall
260 ## - PUBLICATION, DISTRIBUTION, ETC. (IMPRINT)
Year of publication 2001
300 ## - PHYSICAL DESCRIPTION
Number of Pages 483 p
650 ## - SUBJECT ADDED ENTRY--TOPICAL TERM
Topical Term New Jersey
942 ## - ADDED ENTRY ELEMENTS (KOHA)
Koha item type Books

No items available.